Pays ayant reçu des nul points à l'Eurovision - Statistiques

Statistiques générales
  • Ce quiz a été pris 47 fois
    4 depuis la dernière actualisation
  • Le résultat moyen est 58 sur 64
Statistiques - réponses
Année Pays Classement Langue % Correct
1964 Allemagne 13e allemand
100%
1965 Allemagne 15e allemand
100%
2015 Allemagne 26e anglais
100%
2019 Allemagne 25e anglais
100%
2021 Allemagne 25e anglais
100%
2022 Allemagne 25e anglais
100%
2026 Allemagne 23e anglais
100%
1962 Autriche 13e allemand
100%
1988 Autriche 21e allemand
100%
1991 Autriche 22e allemand
100%
2015 Autriche 26e anglais
100%
2017 Autriche 16e anglais
100%
2019 Autriche 17e - DM2 anglais
100%
1962 Espagne 13e espagnol
100%
1965 Espagne 15e espagnol
100%
1983 Espagne 19e espagnol
100%
2017 Espagne 26e anglais
100%
2021 Espagne 24e espagnol
100%
1963 Finlande 13e finnois
100%
1965 Finlande 15e finnois
100%
1982 Finlande 18e finnois
100%
1966 Italie 17e italien
100%
1994 Lituanie 25e lituanien
100%
1970 Luxembourg 12e français
100%
1963 Norvège 13e norvégien
100%
1978 Norvège 20e norvégien
100%
1981 Norvège 20e norvègien
100%
1997 Norvège 24e norvègien
100%
1962 Pays-Bas 13e néerlandais
100%
1963 Pays-Bas 13e néerlandais
100%
2021 Pays-Bas 23e anglais, sranan
100%
1964 Portugal 13e portugais
100%
1997 Portugal 24e portugais
100%
2003 Royaume-Uni 26e anglais
100%
2021 Royaume-Uni 26e anglais
100%
2024 Royaume-Uni 18e anglais
100%
2025 Royaume-Uni 19e anglais
100%
2026 Royaume-Uni 25e anglais, allemand
100%
2017 Saint-Marin 18e - DM2 anglais
100%
2023 Saint-Marin 16e - DM2 anglais
100%
1964 Suisse 13e italien
100%
1967 Suisse 17e français
100%
1998 Suisse 25e allemand
100%
2004 Suisse 22e anglais
100%
2022 Suisse 17e anglais
100%
2025 Suisse 10e français
100%
1962 Belgique 13e français
75%
1965 Belgique 15e néerlandais
75%
2026 Belgique 21e anglais
75%
1989 Islande 22e islandais
75%
2018 Islande 19e - DM1 anglais
75%
2025 Islande 25e islandais
75%
2019 Israël 23e anglais
75%
2017 Malte 16e - DM2 anglais
75%
1966 Monaco 17e français
75%
2023 Roumanie 15e - DM2 anglais, roumain
75%
1963 Suède 13e suédois
75%
2022 Azerbaïdjan 10e - DM2 anglais
50%
2009 Tchéquie 18e - DM1 anglais
50%
2016 Tchéquie 25e anglais
50%
2021 Tchéquie 15e - DM2 anglais
50%
1983 Turquie 19e turc
50%
1987 Turquie 22e turc
50%
*1964 Yougoslavie 13e bosnien
50%
Aucun quiz correspondant
Distribution des résultats
% des personnes avec chaque résultat
Percentile par nombre de réponses
Votre historique - résultats
Vous n’avez pas pris ce quiz depuis la dernière actualisation